El arte de la guerra: la interpretación definitiva del libro clásico de Sun Tzu

Saved in:
Bibliografiske detaljer
Hovedforfatter: Kaufman, Stephen F (Author)
Format: Bog
Sprog:spansk
Udgivet: Barcelona Paidotribo 2007
Udgivelse:3a. ed
Fag:
Tags: Tilføj Tag
Ingen Tags, Vær først til at tagge denne postø!

MARC

LEADER 00000nam a2200000 a 4500
001 UCG3255
003 CL-VaPUC
008 100819e20070000SP |||||||||||||||||spa|d
020 |a 9788480194747 
082 0 4 |a 350  |b KAU  |2 21 
100 0 |a Kaufman, Stephen F  |e author  |9 552227 
245 1 3 |a El arte de la guerra: la interpretación definitiva del libro clásico de Sun Tzu 
250 |a 3a. ed 
300 |a 92 p 
942 |c BK 
945 |d 20100819 00:00:00  |a mfarfan 
260 |a Barcelona  |b Paidotribo  |c 2007 
650 0 |a Ciencia militar  |9 452699 
583 |a last modification  |c 20100819 00:00:00  |k Rodrigo Vera 
999 |c 342326  |d 342324 
952 |0 0  |1 0  |4 0  |6 350_000000000000000_KAU_2007  |7 0  |8 C  |9 438473  |a BIBCUR  |b BIBCUR  |d 2019-11-22  |i 4709284  |o 350 KAU 2007  |p 4709284  |r 2025-04-22  |w 2019-11-22  |y BK  |k CAC